| 000 | 01730nam a22003737a 4500 | ||
|---|---|---|---|
| 003 | PE-LiUPU | ||
| 005 | 20250731173559.0 | ||
| 008 | 230705b |||||||| |||| 00| 0 eng d | ||
| 020 | _a9780664226848 | ||
| 040 |
_aPE-LiUPU _bspa _cPE-LiUPU _dPE-LiUPU _erda |
||
| 082 |
_223 _a253.5 _bD649t |
||
| 100 |
_aDoehring, Carrie _91499 _d1954- _eAutor. |
||
| 245 | 1 | 4 |
_aThe practice of pastoral care : _ba posmodern approach / _cCarrie Doehring. |
| 250 | _aPrimera edición. | ||
| 264 |
_aLouisville, Kentucky : _bWestminster John Knox Press, _c2006. |
||
| 300 |
_axi, 184 páginas : _c23 centímetros. |
||
| 504 | _aBibliografía: páginas 171-177. | ||
| 505 | _aBasic ingredients of caregiving relationships -- The caregiver's life experience as a source of authority -- Listening -- Establishing a caregiving relationship -- Psychological assessment: the careseeker's story in terms of loss, violence, and compulsive ways of coping -- Systemic assessment: the careseeker's culture, communities, and family -- Theological reflection -- Plans of care: seeking healing and justice -- aflicction: a case study -- Plan of care -- Step 1: Attending to safety and building trust -- Step 2: Mourning losses -- Step 3: Reconnecting with the ordinariness of life. | ||
| 526 | _aSEG42 | ||
| 526 | _aSEG41 | ||
| 526 | _aSEG40 | ||
| 526 | _aSEG39 | ||
| 526 | _aP94 | ||
| 526 | _aP87 | ||
| 526 | _aP86 | ||
| 526 | _aP85 | ||
| 526 | _aP77 | ||
| 526 | _aP76 | ||
| 526 | _aP35 | ||
| 650 | 0 |
_aConsejería pastoral _91495 |
|
| 942 |
_2ddc _cBK _n0 |
||
| 980 |
_621515 _aDIGNA BRAÑES Analista Documental _81 _gALBERTO SANCHEZ Responsable de Automatización |
||
| 999 |
_c61896 _d61896 |
||